00715nam a22001817a 4500003000200000005001700002008004100019050002400060100002100084245010700105260007100212300002600283500003600309504005600345650004000401650006200441700003000503020250217112948.0250215b xxu||||| |||| 00| 0 eng d aG 155.P5b.G85 2023 aGulati, Saakshi  aViability of wilderness tourism in the Philippine travel agency sector.cSaakshi Gulati and one others aLas Pinas CitybSouthville International School and Collegesc2023 axii, 84 pages;c28cm. aBachelor of Science in Tourism  aIncludes bibliographical references and appendices. aWilderness tourism – Philippines. aSustainable tourism – Economic aspects – Philippines. aDelfin, Lenard Andrwe C.